| 000 | 00757nam a22002177a 4500 | ||
|---|---|---|---|
| 999 |
_c16068 _d16068 |
||
| 003 | AR-CdUCM | ||
| 008 | 190502b ||||| |||| 00| 0 spa d | ||
| 040 |
_aMUNICIPALIDAD PROVINCIAL DEL CUSCO _cBIBLIOTECA MUNICIPAL DEL CUSCO |
||
| 082 |
_22ed. _a860.8 / _bAL45 |
||
| 100 |
_aAlonso, Dámaso _935126 |
||
| 245 |
_aAntología de la poesía española : _blírica de tipo tradicional / |
||
| 260 |
_aMadrid : _bGredos, _c1963. |
||
| 300 |
_a265 páginas ; _c20 cm. |
||
| 440 |
_aBiblioteca romántica hispánica ; _n6 _935223 |
||
| 505 | _aContenido: Poemas anónimos -- De diversos autores... | ||
| 650 |
_aPoesía española _9158 |
||
| 650 |
_aSiglo XIX. _9971 |
||
| 700 |
_aBlecua, Jose Manuel _935341 |
||
| 942 |
_2ddc _cLIBROS |
||
| 945 |
_aacv _d2019-05-02 |
||